| 000 | 00904nas a22002297a 4500 | ||
|---|---|---|---|
| 007 | ta | ||
| 008 | 230328s2023 xxk|||||o|||| 00| a eng d | ||
| 041 | _aeng | ||
| 245 | _aWhat impact will new minimum EPC requirements have | ||
| 260 | _c3 March 2023 | ||
| 490 |
_aRICS Property Journal _v3 March 2023 |
||
| 510 | _aRICS Property Journal | ||
| 520 | _aWith a minimum energy performance certificate rating of E required to let commercial property from April this year, what do landlords need to know to ensure they comply | ||
| 650 | _aCOMMERCIAL PROPERTY | ||
| 650 | _aENERGY PERFORMANCE | ||
| 650 | _aLANDLORD AND TENANT | ||
| 651 | _aUnited Kingdom | ||
| 690 |
_96227 _aCommercial property |
||
| 700 | _aFinniear, Alison | ||
| 700 | _aDuncan, Rachel | ||
| 856 |
_uhttps://ww3.rics.org/uk/en/journals/property-journal/epc-requirements-commercial-property.html _zAvailable free on RICS journals |
||
| 999 |
_c121409 _d121409 |
||